|
|
|
|
| LEADER |
01531pam a22003618a 4500 |
| 001 |
00032110 |
| 005 |
20171026081025.0 |
| 008 |
140423s2013 ||||||viesd |
| 020 |
|
|
|c 12000
|
| 041 |
0 |
# |
|a vie
|
| 082 |
1 |
4 |
|a 372.21
|b H561D
|
| 245 |
1 |
0 |
|a Hướng dẫn thực hiện hoạt động giáo dục bảo vệ môi trường cho trẻ mầm non
|c Lương Thị Bình, Nguyễn Thị Cẩm Bích, Nguyễn Thị Quyên,..[ và những người khác]
|b Tài liệu dành cho giáo viên mầm non và cha mẹ
|
| 250 |
# |
# |
|a Tái bản lần thứ nhất
|
| 260 |
# |
# |
|a Hà Nội
|b Giáo dục
|c 2013
|
| 300 |
# |
# |
|a 59 tr.
|c 24 cm.
|b minh họa
|
| 653 |
# |
# |
|a Giáo dục
|
| 653 |
# |
# |
|a Bảo vệ
|
| 653 |
# |
# |
|a Môi trường
|
| 653 |
# |
# |
|a Trẻ mầm non
|
| 700 |
1 |
# |
|a Chu, Hồng Nhung
|
| 700 |
1 |
# |
|a Nguyễn, Thị Cẩm Bích
|
| 700 |
1 |
# |
|a Nguyễn, Thị Quyên
|
| 700 |
1 |
# |
|a Phạn, Ngọc Anh
|
| 852 |
# |
# |
|b Kho giáo trình
|j KGT.0047432, KGT.0047433, KGT.0047434, KGT.0047435, KGT.0047436, KGT.0047361, KGT.0047362, KGT.0047363, KGT.0047364
|
| 852 |
# |
# |
|b Kho mượn
|j KGT.0047432
|
| 852 |
# |
# |
|b Kho đọc
|j KD.0015743
|
| 852 |
# |
# |
|j KGT.0047433
|j KGT.0047434
|j KGT.0047436
|j KGT.0047362
|j KGT.0047363
|j KD.0015743
|j KGT.0047361
|j KGT.0047364
|j KGT.0047432
|j KGT.0047435
|
| 910 |
0 |
# |
|d 23/4/2014
|
| 980 |
# |
# |
|a Trung tâm Học liệu Lê Vũ Hùng, Trường Đại học Đồng Tháp
|